[Event "Canadian op"]
[Site "Calgary"]
[Date "2023.07.28"]
[Round "8"]
[White "Sazon, Omar"]
[Black "Xu, Leon"]
[Result "1/2-1/2"]
[WhiteElo "1561"]
[BlackElo "1285"]
[PlyCount "60"]
[EventDate "2023.07.22"]
[EventType "swiss"]
[EventRounds "10"]
[EventCountry "CAN"]
[SourceTitle "EXT 2024"]
[Source "ChessBase"]
[SourceDate "2023.10.10"]
[SourceVersion "1"]
[SourceVersionDate "2023.10.10"]
[SourceQuality "1"]

1. b3 e5 2. Bb2 Nc6 3. e3 Be7 4. Nf3 Bf6 5. Bb5 e4 6. Nd4 Nxd4 7. Bxd4 Bxd4 8. exd4 Qg5 9. Bf1 d5 10. d3 Nf6 11. Qd2 Qg6 12. Qb4 Bf5 13. Nc3 exd3 14. 0-0-0 0-0-0 15. Nb5 Ne8 16. Nxa7+ Kb8 17. Qa5 dxc2 18. Re1 Nd6 19. Bb5 Nc8 20. Nxc8 Rxc8 21. Re7 Qg5+ 22. Re3 Qxg2 23. Rhe1 Qxf2 24. b4 Qf4 25. Qa3 c6 26. Bd3 Rhe8 27. Bxf5 Rxe3 28. Qxe3 Qxf5 29. Qg3+ Ka8 30. Qa3+ Kb8 1/2-1/2

[Event "Canadian op"]
[Site "Calgary"]
[Date "2023.07.26"]
[Round "6"]
[White "Xu, Leon"]
[Black "Boehmer, Kris"]
[Result "1/2-1/2"]
[WhiteElo "1285"]
[BlackElo "2117"]
[PlyCount "99"]
[EventDate "2023.07.22"]
[EventType "swiss"]
[EventRounds "10"]
[EventCountry "CAN"]
[SourceTitle "EXT 2024"]
[Source "ChessBase"]
[SourceDate "2023.10.10"]
[SourceVersion "1"]
[SourceVersionDate "2023.10.10"]
[SourceQuality "1"]

1. e4 c6 2. d4 d5 3. exd5 cxd5 4. Bd3 Nc6 5. c3 Nf6 6. Bf4 Bg4 7. Qb3 Qd7 8. Nd2 e6 9. Ngf3 Bd6 10. Bg3 0-0 11. Qc2 Rfc8 12. Qb1 Bh5 13. Bh4 Bg6 14. Bxf6 gxf6 15. h4 e5 16. dxe5 fxe5 17. Bxg6 hxg6 18. Nb3 Qg4 19. Kf1 Kg7 20. Qd1 Ne7 21. Qe1 f6 22. Nbd2 Nf5 23. Qe2 Rh8 24. g3 g5 25. Qb5 e4 26. Nd4 Nxd4 27. Qxb7+ Kg6 28. cxd4 e3 29. h5+ Kh6 30. fxe3 Bxg3 31. Qxd5 Rae8 32. Qf3 Qxf3+ 33. Nxf3 Rxe3 34. Kg2 Bf4 35. Rae1 Rhe8 36. Rxe3 Rxe3 37. Re1 g4 38. Rxe3 Bxe3 39. Nh4 Kxh5 40. Nf5 Bf4 41. d5 Kg5 42. Nd4 Be5 43. Nc6 Kf5 44. b4 Ke4 45. Nxa7 Kxd5 46. b5 Kc5 47. a4 f5 48. Nc6 Bc7 49. Kf2 Bd6 50. Ke2 1/2-1/2

[Event "Canadian op"]
[Site "Calgary"]
[Date "2023.07.23"]
[Round "3"]
[White "Liu, Zachary Hankun"]
[Black "Xu, Leon"]
[Result "1-0"]
[WhiteElo "1776"]
[BlackElo "1285"]
[PlyCount "101"]
[EventDate "2023.07.22"]
[EventType "swiss"]
[EventRounds "10"]
[EventCountry "CAN"]
[SourceTitle "EXT 2024"]
[Source "ChessBase"]
[SourceDate "2023.10.10"]
[SourceVersion "1"]
[SourceVersionDate "2023.10.10"]
[SourceQuality "1"]

1. c4 c6 2. Nf3 Nf6 3. Nc3 d5 4. e3 e6 5. b3 Nbd7 6. Bb2 Bd6 7. Be2 0-0 8. d4 dxc4 9. bxc4 e5 10. 0-0 b6 11. Qb3 Qc7 12. h3 Re8 13. Rfd1 Bb7 14. Rab1 Rab8 15. Qc2 a6 16. Bd3 exd4 17. exd4 h6 18. Ne4 Nxe4 19. Bxe4 Be7 20. Bh7+ Kh8 21. Bf5 Bf6 22. Bc3 Rbd8 23. c5 bxc5 24. Qb3 Bc8 25. Qxf7 Re7 26. Qh5 Nf8 27. Bxc8 cxd4 28. Ba5 Qxc8 29. Bxd8 Qxd8 30. Qc5 Re6 31. Qc4 a5 32. Re1 Rd6 33. Ne5 Bxe5 34. Rxe5 d3 35. Rd1 Nd7 36. Re4 Nb6 37. Qf7 Kh7 38. Qf5+ Rg6 39. Rg4 Qf6 40. Qxd3 Nd5 41. Qxg6+ Qxg6 42. Rxg6 Kxg6 43. Rc1 Kf7 44. Rxc6 Nb4 45. Rc7+ Kf6 46. a3 Nd3 47. Ra7 Kg5 48. Rxg7+ Kh4 49. Ra7 h5 50. Rxa5 Nxf2 51. Rxh5+ 1-0